| 000 | 01933nab a2200265 i 4500 | ||
|---|---|---|---|
| 003 | BR-BrBNA | ||
| 005 | 20250611122804.0 | ||
| 008 | 250611b2018 bl.qr|pooa||| 00| 0 por | | ||
| 040 |
_aBR-BrBNA _bpor |
||
| 072 | _aF70 | ||
| 100 | _aGuimarães, Elsie Franklin | ||
| 100 | _aSilva, Nílber Gonçalves da | ||
| 100 | _aMendes, Thalita dos Santos | ||
| 245 | _aFlora das cangas da Serra dos Carajás, Pará, Brasil: Gentianaceae | ||
| 500 | _aPublicação on-line; 7 ref.; 2 illus.; Summaries (En, Pt) | ||
| 520 | _a Resumo Este trabalho apresenta um estudo taxonômico das Gentianaceae das cangas da Serra dos Carajás. Foram encontradas sete espécies pertencentes a cinco gêneros: Chelonanthus viridiflorus, Chelonanthus purpurascens, Coutoubea ramosa, Curtia tenuifolia, Schultesia benthamiana, Voyria tenella, inclusive uma nova espécie aqui descrita, Voyria alvesiana E.F.Guim., T.S.Mendes & N.G.Silva sp. nov. Palavras-chave: Amazônia, FLONA Carajás, Gentianaceae, taxonomia, Voyria. Abstract This work presents a taxonomic study of the Gentianaceae from the canga of the Serra dos Carajás. Seven species belonging to five genera were found: Chelonanthus viridiflorus, Chelonanthus purpurascens, Coutoubea ramosa, Curtia tenuifolia, Schultesia benthamiana, Voyria tenella, including a new species described here, Voyria alvesiana E.F.Guim. T.S. Mendes & N.G. Silva sp. nov.. Key words: Amazon, FLONA Carajás, Gentianaceae, taxonomy, Voyria | ||
| 650 | _aAMAZÔNIA | ||
| 650 | _aCARAJÁS | ||
| 650 | _aGENTIANACEAE | ||
| 650 | _aTAXONOMIA | ||
| 773 | 0 |
_0709 _9350966 _dRio de Janeiro-RJ Jardim Botanico do Rio de Janeiro 1935 _o2025-3590 _tRodriguésia (Brazil) _x0370-6583; 2175-7860 on-line _gv. 69(3) p. 1125-1133; (2018) _wBR2025003130 |
|
| 856 | _uhttps://www.scielo.br/j/rod/a/bgCBFWJ8DYHPnckk568dyVG/?format=pdf&lang=pt | ||
| 942 | _cANA | ||
| 999 |
_c332019 _d332019 |
||